[Event "Brok, OSW Rzemieslnik"]
[Site "Brok, OSW Rzemieslnik"]
[Date "2014.10.10"]
[Round "7.2"]
[White "Zolkiewski, Jakub"]
[Black "Hrymowicz, Artur"]
[Result "1-0"]
[WhiteElo "1517"]
[BlackElo "1554"]
[PlyCount "112"]
[EventDate "2014.??.??"]

1. d4 c5 2. d5 Nf6 3. c4 b5 4. cxb5 a6 5. bxa6 Bxa6 6. Nc3 d6 7. e4 Bxf1 8.
Kxf1 g6 9. g3 Bg7 10. Kg2 O-O 11. Nf3 Nbd7 12. h3 Qb6 13. Qe2 Rfc8 14. Rd1 c4
15. Bg5 h6 16. Be3 Qb4 17. Rab1 Nc5 18. Bxc5 Rxc5 19. Nd4 Kf8 20. Nc6 Qb7 21.
Qc2 Qa6 22. a4 Nd7 23. a5 Ne5 24. Na4 Rb5 25. Nb6 Re8 26. Nxe5 Bxe5 27. Nxc4
Rc5 28. b3 Rec8 29. Qd3 Bg7 30. Rdc1 Kg8 31. Rc2 Rxa5 32. Qf3 Ra2 33. Rbc1 Rxc2
34. Rxc2 Rb8 35. Nd2 Qb6 36. Rc6 Qb4 37. Rc2 Qb6 38. Rc6 Qb4 39. Qd3 Bf6 40.
Rc4 Qa5 41. Qc2 Kh7 42. h4 h5 43. Ra4 Qb5 44. Qc4 Qb7 45. Ra6 Bg7 46. Rc6 Bf8
47. Rc7 Qb6 48. Rc8 Rxc8 49. Qxc8 Bh6 50. Qc6 Qb4 51. Nf3 Qxb3 52. Qe8 Kg7 53.
Qxe7 Qb4 54. e5 Qb2 55. Qxd6 Be3 56. Qf6+ Kh6 1-0

[Event "Brok, OSW Rzemieslnik"]
[Site "Brok, OSW Rzemieslnik"]
[Date "2014.10.10"]
[Round "7.3"]
[White "Piotrowicz, Jakub"]
[Black "Fus, Jakub"]
[Result "1/2-1/2"]
[WhiteElo "1470"]
[BlackElo "1558"]
[PlyCount "80"]
[EventDate "2014.??.??"]

1. d4 Nf6 2. c4 g6 3. Nc3 Bg7 4. e4 d6 5. Be2 O-O 6. Bg5 Qe8 7. Qd2 c6 8. Nf3
e5 9. dxe5 dxe5 10. Qd6 Nbd7 11. O-O h6 12. Be3 Qd8 13. Rad1 Ne8 14. Qd2 Kh7
15. Bc5 Rg8 16. h3 Qf6 17. Be3 Nc7 18. c5 Ne6 19. b4 Rd8 20. Qb2 Bf8 21. Bc4
Re8 22. Ne2 Ng7 23. Qd2 Ne6 24. Nh2 g5 25. Ng4 Qg6 26. Ng3 Ng7 27. a3 Nf6 28.
Nxf6+ Qxf6 29. Qa2 Kg8 30. Rd2 Be7 31. Rfd1 Kf8 32. f3 Kg8 33. a4 a6 34. Rd3
Kf8 35. Bc1 h5 36. Bb2 h4 37. Ne2 Nh5 38. Bxe5 Bxc5+ 39. bxc5 Rxe5 40. Rd8+ Re8
1/2-1/2

[Event "Brok, OSW Rzemieslnik"]
[Site "Brok, OSW Rzemieslnik"]
[Date "2014.10.10"]
[Round "7.5"]
[White "Kowalski, Bogdan"]
[Black "Maminski, Hubert"]
[Result "0-1"]
[WhiteElo "1227"]
[BlackElo "1704"]
[PlyCount "112"]
[EventDate "2014.??.??"]

1. e4 c6 2. Nc3 d5 3. exd5 cxd5 4. d4 Nf6 5. Nf3 Nc6 6. Bb5 Bf5 7. Ne5 Rc8 8.
O-O e6 9. Bf4 Bd6 10. Nxc6 bxc6 11. Bxd6 Qxd6 12. Bd3 Bxd3 13. Qxd3 O-O 14. g3
c5 15. dxc5 Qxc5 16. Rac1 Qb4 17. Qb5 Qxb5 18. Nxb5 Rb8 19. a4 a6 20. Nd4 Rxb2
21. Rb1 Rfb8 22. Rxb2 Rxb2 23. Ra1 h6 24. Kf1 Kf8 25. Ke2 Ne4 26. f3 Nd6 27.
Kd2 Rb4 28. Kd3 Nc4 29. Ra2 Ne5+ 30. Kc3 Rc4+ 31. Kd2 Rxd4+ 32. Ke2 Rb4 33. f4
Nc4 34. c3 Rb2+ 35. Rxb2 Nxb2 36. a5 Nc4 37. Kd3 Nxa5 38. Kd4 Nc4 39. Kc5 a5
40. Kb5 Ke7 41. g4 Kf6 42. h4 e5 43. fxe5+ Kxe5 44. h5 Ke4 45. Ka4 Kd3 46. Kb3
f6 47. Ka4 Kxc3 48. Kb5 d4 49. Ka4 d3 50. Kb5 d2 51. Kc6 d1=Q 52. Kc7 Qd6+ 53.
Kb7 a4 54. Ka7 Qb4 55. Ka8 Nd6 56. Ka7 Qb7# 0-1

[Event "Brok, OSW Rzemieslnik"]
[Site "Brok, OSW Rzemieslnik"]
[Date "2014.10.10"]
[Round "7.6"]
[White "Opoka, Szymon"]
[Black "Jordan, Adam"]
[Result "0-1"]
[WhiteElo "1256"]
[BlackElo "1186"]
[PlyCount "52"]
[EventDate "2014.??.??"]

1. e4 c5 2. Nc3 Nc6 3. f4 d6 4. Nf3 g6 5. d3 Bg7 6. Bd2 Nf6 7. Qe2 Bg4 8. O-O-O
a6 9. Qf2 b5 10. a3 Qb8 11. h3 Bd7 12. Re1 O-O 13. g4 a5 14. e5 Ne8 15. exd6
exd6 16. Na2 b4 17. a4 b3 18. Nc3 bxc2 19. Kxc2 Be6 20. Ra1 Qb3+ 21. Kc1 Nb4
22. Be1 Nc6 23. Nd2 Qb4 24. Nde4 Bd4 25. Qg2 Rb8 26. Nb5 Qxe1+ 0-1